All Alice in Wonderland characters by screen time - Statistics

General Stats
  • This quiz has been taken 32 times
  • The average score is 11 of 19
Answer Stats
% Of Movie Screen Time Answer % Correct
50.82 38:11 Alice
100%
8.05 6:03 Mad Hatter
100%
9.07 6:49 Queen of Hearts
94%
6.99 5:15 White Rabbit
88%
5.15 3:32 Cheshire Cat
82%
2.71 2:02 King of Hearts
76%
5.99 4:30 March Hare
65%
4.46 3:21 Tweedledee
65%
4.15 3:07 Tweedledum
65%
4.41 3:19 Caterpillar
59%
2.80 2:06 Carpenter
53%
4.50 3:23 Walrus
53%
5.83 4:23 Dodo
47%
1.20 :54 Bill
35%
2.68 2:01 Doorknob
35%
1.44 1:05 Doormouse
35%
1.84 1:23 Alice's Sister
29%
3.24 2:26 Dinah
24%
1.31 :59 Bird
18%
No matching quizzes found
Score Distribution
Percent of People with Each Score
Percentile by Number Answered
Your Score History
You have not taken this quiz